| 000 | 00436nam a22001817a 4500 | ||
|---|---|---|---|
| 005 | 20260123130244.0 | ||
| 008 | 260123b |||||||| |||| 00| 0 eng d | ||
| 020 |
_a9789389688559 _c625.00 |
||
| 040 | _aMAIN | ||
| 041 | _aEnglish | ||
| 082 |
_a576.5 _bMOR |
||
| 100 |
_aMorris, M.M. _926032 |
||
| 245 | _aGenetics | ||
| 260 |
_aNew Delhi _bCBS _c2020 |
||
| 300 |
_a490 _bVol.2nd |
||
| 650 |
_aEnvironment Science _9310 |
||
| 942 | _cBK | ||
| 999 |
_c60074 _d60074 |
||